IFM Opac

IMPORTING TECHNOLOGY INTO AFRICA (Record no. 15610)

MARC details
000 -LEADER
fixed length control field 00352nam a22001457a 4500
020 ## - INTERNATIONAL STANDARD BOOK NUMBER
International Standard Book Number 0275057402
082 ## - DEWEY DECIMAL CLASSIFICATION NUMBER
Classification number 332.673096THO
100 ## - MAIN ENTRY--PERSONAL NAME
Personal name THOMAS BABATUNDE, D.
245 ## - TITLE STATEMENT
Title IMPORTING TECHNOLOGY INTO AFRICA
260 ## - PUBLICATION, DISTRIBUTION, ETC.
Place of publication, distribution, etc. NEW YORK
Name of publisher, distributor, etc. PRAEGER
Date of publication, distribution, etc. 1976
300 ## - PHYSICAL DESCRIPTION
Extent XV,202P.
Other physical details ILL.:25CM.
500 ## - GENERAL NOTE
General note INCLUDES INDEX
650 ## - SUBJECT ADDED ENTRY--TOPICAL TERM
Topical term or geographic name entry element TECHNOLOGY
942 ## - ADDED ENTRY ELEMENTS (KOHA)
Koha item type Books
Holdings
Withdrawn status Lost status Source of classification or shelving scheme Damaged status Not for loan Home library Current library Shelving location Date acquired Full call number Barcode Date last seen Price effective from Koha item type
    Dewey Decimal Classification     IFM Main Campus Library IFM Main Campus Library   03/11/2016 332.673096THO 0000005281 03/11/2016 03/11/2016 Books